Statistics for DCAU Movies 2007-2020

Click here to take the quiz!

General Stats

  • This quiz has been taken 56 times
  • The average score is 24 of 35

Answer Stats

YearMovie% Correct
2017Justice League Dark
92%
2016Justice League vs Teen Titans
89%
2016Batman Bad Blood
83%
2014Justice League War
83%
2014Son of Batman
83%
2009Wonder Woman
81%
2013Justice League The Flashpoint Paradox
78%
2015Justice League Throne of Atlantis
78%
2019Reign of the Supermen
78%
2017Teen Titans The Judas Contract
78%
2018The Death of Superman
78%
2015Batman vs Robin
75%
2012Justice League Doom
75%
2019Batman Hush
69%
2010Batman Under the Red Hood
69%
2018Suicide Squad Hell to Pay
69%
2014Batman Assault on Arkham
67%
2010Justice League Crisis on Two Earths
67%
2010Superman/Batman Apocalypse
67%
2007Superman Doomsday
67%
2018Batman Gotham by Gaslight
64%
2011Green Lantern Emerald Knights
64%
2009Green Lantern First Flight
64%
2015Justice League Gods and Monsters
64%
2008Justice League The New Frontier
64%
2019Justice League vs the Fatal Five
64%
2009Superman/Batman Public Enemies
64%
2013Superman Unbound
64%
2017Batman and Harley Quinn
61%
2012/2013Batman The Dark Knight Returns
58%
2012Superman vs The Elite
58%
2011All-Star Superman
56%
2008Batman Gotham Knight
56%
2011Batman Year One
53%
2016Batman The Killing Joke
47%

Score Distribution

Percentile by Number Answered

Percent of People with Each Score

Your Score History

You have not taken this quiz